| 000 | 00487nam a22001457a 4500 | ||
|---|---|---|---|
| 008 | 150224b xxu||||| |||| 00| 0 eng d | ||
| 050 | _aQA7.B28 | ||
| 100 |
_aDeWitt, Cecile and Wheeler, John A. _915478 |
||
| 245 |
_aBattelle Rencontres _b1967 lectures in mathematics and physics _cCecile M. DeWitt and John A. Wheeler |
||
| 260 |
_aNew York _bW.A. Benjamin _c1968 |
||
| 300 |
_axvii,557p. ; _c24cm. |
||
| 650 |
_aMathematics _97527 |
||
| 650 |
_aPhysics _92736 |
||
| 942 |
_2lcc _cMONOGRAPH |
||
| 999 |
_c122172 _d122172 |
||